000
00282nam a2200109Ia 4500
001
589032
005
20250717120841.0
008
250717s9999 xx 000 0 und d
245
0
_a
X-1 BEN NE ZAMAN BÜYÜYECEĞİM
_c
AYTÜL AKAL
260
_b
UÇANBALIK YAYINLARI
_c
2018
300
_b
16
999
_c
589032
_d
589032